Normal view
MARC view
- Nushai, Syed Muhammad Hayat Rabani
Entry Personal Name
001 - CONTROL NUMBER
- control field: 16837
003 - CONTROL NUMBER IDENTIFIER
- control field: NUST
005 - DATE AND TIME OF LATEST TRANSACTION
- control field: 20190705072008.0
008 - FIXED-LENGTH DATA ELEMENTS
- fixed length control field: 190705|| aca||aabn | a|a d
040 ## - CATALOGING SOURCE
- Original cataloging agency: NUST
- Transcribing agency: NUST
100 ## - HEADING--PERSONAL NAME
- Personal name: Nushai, Syed Muhammad Hayat Rabani
670 ## - SOURCE DATA FOUND
- Source citation: Work cat.: (NUST): Nushai, Syed Muhammad Hayat Rabani, Tazkara-yi Nushahiya /, 2010.
